[Event "Gualeguaychu Baggio Cup"]
[Site "Gualeguaychu"]
[Date "2019.11.10"]
[Round "6"]
[White "Rivero, Ariel"]
[Black "Mengeon, Jorge"]
[Result "1-0"]
[WhiteElo "1795"]
[BlackElo "1807"]
[PlyCount "113"]
[EventDate "2019.11.08"]
[EventType "swiss"]
[EventRounds "6"]
[EventCountry "ARG"]
[SourceTitle "EXT 2021"]
[Source "ChessBase"]
[SourceDate "2020.10.23"]
[SourceVersion "1"]
[SourceVersionDate "2020.10.23"]
[SourceQuality "1"]

1. c4 e5 2. Nc3 Nf6 3. g3 Be7 4. Bg2 0-0 5. Nf3 Nc6 6. d3 d5 7. cxd5 Nxd5 8. Bd2 Be6 9. 0-0 f5 10. Nxd5 Bxd5 11. Bc3 Bf6 12. b4 Rb8 13. b5 Nd4 14. Bxd4 exd4 15. a4 c6 16. bxc6 Bxc6 17. Nd2 Bxg2 18. Kxg2 Qd5+ 19. Kg1 Rbe8 20. Re1 Bg5 21. Qb3 Qxb3 22. Nxb3 Bf6 23. Rac1 Rc8 24. Na5 b6 25. Nc4 Rfd8 26. Rb1 Rc5 27. Rb5 Rdd5 28. Ra1 Rxb5 29. axb5 Rxb5 30. Rxa7 Rb1+ 31. Kg2 b5 32. Rb7 b4 33. Kf3 b3 34. Nd2 Rh1 35. Rxb3 Rxh2 36. Nf1 Rh6 37. Rb5 Bg5 38. Rxf5 Bc1 39. Kg2 Re6 40. Rc5 Bb2 41. Rc2 Bc3 42. Nh2 h5 43. Nf3 g6 44. Ng5 Rb6 45. e4 Kg7 46. f4 Rb1 47. Rf2 Rd1 48. Rf3 Bd2 49. Ne6+ Kf6 50. Nxd4 Bc3 51. e5+ Kf7 52. Nb5 Rd2+ 53. Kh3 Bb4 54. Nd4 Rb2 55. g4 Bc5 56. Nc6 Bg1 57. Rf1 1-0

[Event "Gualeguaychu Baggio Cup"]
[Site "Gualeguaychu"]
[Date "2019.11.09"]
[Round "4"]
[White "Sobrero, Jose Luis"]
[Black "Rivero, Ariel"]
[Result "0-1"]
[WhiteElo "1835"]
[BlackElo "1795"]
[PlyCount "65"]
[EventDate "2019.11.08"]
[EventType "swiss"]
[EventRounds "6"]
[EventCountry "ARG"]
[SourceTitle "EXT 2021"]
[Source "ChessBase"]
[SourceDate "2020.10.23"]
[SourceVersion "1"]
[SourceVersionDate "2020.10.23"]
[SourceQuality "1"]

1. e4 c5 2. Nf3 Nc6 3. d3 g6 4. g3 Bg7 5. Bg2 Nf6 6. 0-0 0-0 7. h3 d6 8. Nc3 Bd7 9. Be3 Rb8 10. a4 a6 11. Qd2 b5 12. axb5 axb5 13. Bh6 b4 14. Nd1 Nd4 15. Nxd4 cxd4 16. Bxg7 Kxg7 17. f4 h5 18. f5 e5 19. Bf3 d5 20. Ra6 dxe4 21. dxe4 Bb5 22. Ra7 Qb6 23. Ra1 Bxf1 24. Kxf1 Ra8 25. Rc1 Rfc8 26. fxg6 fxg6 27. Qg5 Qe6 28. Nf2 b3 29. Bd1 bxc2 30. Bf3 Nh7 31. Qd2 Qf7 32. Kg2 Ng5 33. Be2 0-1

[Event "Gualeguaychu Benvenaste Memorial"]
[Site "Gualeguaychu"]
[Date "2018.11.11"]
[Round "5.6"]
[White "Sack, Marcos"]
[Black "Rivero, Ariel"]
[Result "0-1"]
[WhiteElo "1238"]
[BlackElo "1783"]
[PlyCount "34"]
[EventDate "2018.11.10"]
[EventType "swiss"]
[EventRounds "5"]
[EventCountry "ARG"]
[SourceTitle "EXT 2024"]
[Source "ChessBase"]
[SourceDate "2023.10.10"]
[SourceVersion "1"]
[SourceVersionDate "2023.10.10"]
[SourceQuality "1"]

1. e4 d6 2. d4 Nd7 3. Nf3 e5 4. Bc4 c6 5. dxe5 dxe5 6. Ng5 Nh6 7. 0-0 Be7 8. Nf3 Ng4 9. Bd2 0-0 10. Bc3 Qc7 11. Nbd2 b5 12. Bb3 b4 13. h3 bxc3 14. hxg4 cxd2 15. Qxd2 Nc5 16. Rae1 Nxb3 17. cxb3 Ba6 0-1

[Event "Gualeguaychu U2000"]
[Site "Gualeguaychu"]
[Date "2018.05.12"]
[Round "3.2"]
[White "Ledesma, Hubaldo"]
[Black "Rivero, Ariel"]
[Result "1-0"]
[WhiteElo "1723"]
[BlackElo "1781"]
[PlyCount "67"]
[EventDate "2018.05.12"]
[EventType "swiss"]
[EventRounds "5"]
[EventCountry "ARG"]
[SourceTitle "EXT 2024"]
[Source "ChessBase"]
[SourceDate "2023.10.10"]
[SourceVersion "1"]
[SourceVersionDate "2023.10.10"]
[SourceQuality "1"]

1. d4 d6 2. e4 Nd7 3. Nf3 e5 4. Nc3 Ngf6 5. Be2 Be7 6. Bg5 c6 7. 0-0 0-0 8. a4 a5 9. h3 Qc7 10. Be3 Rd8 11. Bd3 Nf8 12. Qe2 Ng6 13. Rfd1 Bd7 14. dxe5 dxe5 15. Bc4 Be8 16. Rxd8 Rxd8 17. Rd1 b6 18. Rxd8 Qxd8 19. Qd2 Qc7 20. g3 Bb4 21. Qd3 h6 22. Kg2 Bd7 23. Ng1 Qb7 24. Nge2 Qc8 25. g4 Nh4+ 26. Kf1 Nf3 27. Bxb6 Bxg4 28. hxg4 Qxg4 29. Ng3 Qh3+ 30. Ke2 Qg2 31. Qxf3 Qh3 32. Bd8 Qh4 33. Bxf6 gxf6 34. Nf5 1-0

[Event "Entrerriano-ch"]
[Site "Argentina"]
[Date "2017.09.23"]
[Round "4"]
[White "Abdenur, Luciano"]
[Black "Rivero, Ariel"]
[Result "1-0"]
[WhiteElo "1929"]
[BlackElo "1837"]
[PlyCount "121"]
[EventDate "2017.09.22"]
[EventType "swiss"]
[EventRounds "6"]
[EventCountry "ARG"]
[SourceTitle "CBM 180 Extra"]
[Source "ChessBase"]
[SourceDate "2017.10.06"]
[SourceVersion "1"]
[SourceVersionDate "2017.10.06"]
[SourceQuality "1"]

1. c4 Nf6 2. d4 e5 3. dxe5 Ng4 4. e3 Nxe5 5. Nf3 Nbc6 6. Nc3 g6 7. Nd2 d6 8. Be2 Bg7 9. 0-0 0-0 10. Nd5 f5 11. Rb1 Be6 12. b4 Ne7 13. Nf4 Bf7 14. Nh3 h6 15. f4 Nd7 16. Bf3 Rb8 17. Ba3 Nf6 18. Qc2 Re8 19. Rfe1 d5 20. Nf2 Ne4 21. Nfxe4 dxe4 22. Be2 Kh7 23. Rbd1 Qc8 24. Bb2 Rg8 25. Kh1 c5 26. b5 b6 27. Nf1 a6 28. a4 a5 29. Rd6 Qc7 30. Bxg7 Qxd6 31. Be5 Qe6 32. Bxb8 Rxb8 33. Rd1 Ng8 34. Qd2 Nf6 35. Qd6 Re8 36. Qxe6 Rxe6 37. Rd8 Ne8 38. g4 Rd6 39. Rb8 Ng7 40. h3 h5 41. Rb7 Kg8 42. Rb8+ Kh7 43. Rb7 Bg8 44. gxf5 gxf5 45. Ng3 Rg6 46. Nxf5 Kh8 47. Ne7 Rg3 48. Rb8 Ne6 49. Kh2 Rg7 50. Nxg8 Rxg8 51. Rxb6 Re8 52. Bxh5 Re7 53. f5 Nf8 54. Rb8 Kg8 55. b6 Rd7 56. b7 Rd2+ 57. Kg3 Rb2 58. Kf4 Rb4 59. f6 Rb3 60. Kg5 Rb6 61. Bg6 1-0